MARC details
| 000 -LEADER |
| fixed length control field |
01166nam a2200277 a 4500 |
| 008 - FIXED-LENGTH DATA ELEMENTS--GENERAL INFORMATION |
| fixed length control field |
060424s1999 ||||||||||||||||| || u |
| 020 ## - INTERNATIONAL STANDARD BOOK NUMBER |
| International Standard Book Number |
1856496651 |
| 020 ## - INTERNATIONAL STANDARD BOOK NUMBER |
| International Standard Book Number |
185649666X |
| 050 ## - LIBRARY OF CONGRESS CALL NUMBER |
| Classification number |
TP 690 Pet |
| 100 ## - MAIN ENTRY--PERSONAL NAME |
| Personal name |
Karekezi, Stephen |
| 245 10 - TITLE STATEMENT |
| Title |
Petroleum marketing in Africa : issues in pricing, taxation and investment |
| 260 ## - PUBLICATION, DISTRIBUTION, ETC. |
| Place of publication, distribution, etc. |
London : |
| Name of publisher, distributor, etc. |
Zed Books |
| Date of publication, distribution, etc. |
1999 |
| 300 ## - PHYSICAL DESCRIPTION |
| Extent |
xiv, 210 p. : ill. |
| 350 ## - PRICE (NR) (BK AM CF MU VM SE) [OBSOLETE] |
| Price |
0.00 |
| 490 ## - SERIES STATEMENT |
| Series statement |
African energy policy research |
| 650 ## - SUBJECT ADDED ENTRY--TOPICAL TERM |
| Topical term or geographic name entry element |
PETROLEUM PRODUCTS--PRICES--AFRICA--CASE STUDIES |
| 650 ## - SUBJECT ADDED ENTRY--TOPICAL TERM |
| Topical term or geographic name entry element |
PETROLEUM--AFRICA--MARKETING--CASE STUDIES |
| 650 ## - SUBJECT ADDED ENTRY--TOPICAL TERM |
| Topical term or geographic name entry element |
PETROLEUM PRODUCTS-- AFRICA-- MARKETING-- CASE STUDIES |
| 650 ## - SUBJECT ADDED ENTRY--TOPICAL TERM |
| Topical term or geographic name entry element |
PETROLEUM INDUSTRY AND TRADE-- GOVERNMENT POLICY--CASE STUDIES |
| 650 ## - SUBJECT ADDED ENTRY--TOPICAL TERM |
| Topical term or geographic name entry element |
PETROLEUM--TAXATION--AFRICA--CASE STUDIES |
| 650 ## - SUBJECT ADDED ENTRY--TOPICAL TERM |
| Topical term or geographic name entry element |
INVESTMENTS, FOREIGN--AFRICA--CASE STUDIES |
| 700 ## - ADDED ENTRY--PERSONAL NAME |
| Personal name |
Bhagavan, M. R |
| 710 ## - ADDED ENTRY--CORPORATE NAME |
| Corporate name or jurisdiction name as entry element |
African Energy Policy Research Network |
| 856 ## - ELECTRONIC LOCATION AND ACCESS |
| Uniform Resource Identifier |
<a href="http://www.loc.gov/catdir/toc/hol051/2001368318.html">http://www.loc.gov/catdir/toc/hol051/2001368318.html</a> |
| 995 ## - RECOMMENDATION 995 [LOCAL, UNIMARC FRANCE] |
| -- |
0.00 |
| -- |
CBU-MAIN LIBRARY (Kitwe) |
| -- |
1 |
| -- |
0.00 |
| -- |
1 |
| -- |
AVAILABLE |
| -- |
Main Library Open Access Collection |